000 01031nam a2200313 4500
003 EG-GICUC
005 20260503131341.0
008 260503s1843 fr ||||fr|||| 00| 0 fre d
040 _aEG-GiCUC
_bfre
_cEG-GiCUC
_dEG-GiCUC
_eRda
041 _afre
_hfre
082 0 4 _221
_a345.2
_bFO . É
092 0 4 _221
099 _aLaw 07 345.2 FO . É 1843
100 1 _aFoucart, Émile-Victor-Masséna
_eAuteur
245 1 0 _aÉléments de droit public et administratif, 3 édition, Tome III/
_cPar E.-B foucart.
250 _a3 édition
264 1 _aParis;
_bVidecoq Père et Fils,
_c1843.
300 _a327 page :
_billustration ;
_c 24 cm.
336 _2rda contenu
_a texte
337 _2rda medias
_aOrdinateur
338 _2 transporteur rda
_a Ressource en ligne
504 _aBibliography: pages 200-250. 240-220
546 _aTexte en français
650 1 _aDroit administratif
_2qrmak
651 1 _2qrmak
856 4 0 _uhttps://fll.law.cu.edu.eg/fulltext/bks/B07-05065.pdf
905 _a31
942 _2ddc
_n0
_cBK
_e21
999 _c75143
_d75143